Calcutta Madrasah and modern education: (Record no. 152690)

MARC details
000 -LEADER
fixed length control field 00652nam a22001937a 4500
005 - DATE AND TIME OF LATEST TRANSACTION
control field 20180627161155.0
010 ## - LCCN (DPL NO)
LC control number ENG-123220
020 ## - INTERNATIONAL STANDARD BOOK NUMBER
International Standard Book Number 9789380036809
Terms of availability 250.00
035 ## - SYSTEM CONTROL NUMBER
System control number EN-106752
037 ## - SOURCE OF ACQUISITION
Source of stock number/acquisition DBAD/PUB
082 ## - DEWEY DECIMAL CLASSIFICATION NUMBER
Classification number 371.828297
100 ## - MAIN ENTRY--PERSONAL NAME
Personal name Anowar Hossain
245 ## - TITLE STATEMENT
Title Calcutta Madrasah and modern education:
Statement of responsibility, etc by Anowar Hossain
Remainder of title role of Nawab Abdul Latif in the historical perspective
260 ## - PUBLICATION, DISTRIBUTION, ETC. (IMPRINT)
Place of publication, distribution, etc Kolkata
Name of publisher, distributor, etc Mitram
Date of publication, distribution, etc 2015
270 ## - ADDRESS
Address 37A, College Street
City Kolkata
Postal code 700073
300 ## - PHYSICAL DESCRIPTION
Extent 312p.
Dimensions 21cm(Hb)
Other physical details Pictures
500 ## - GENERAL NOTE
General note It include bibliographical references and index
942 ## - ADDED ENTRY ELEMENTS (KOHA)
Source of classification or shelving scheme Dewey Decimal Classification
Item type English Books
Call number suffix HOS
Classification part 371.828297
Holdings
Withdrawn status Lost status Not for loan Collection code Home library Current library Date acquired Source of acquisition Cost, normal purchase price Full call number Barcode Copy number Cost, replacement price Koha item type
    Not For Loan Non-fiction D.B.Act.Division Sarojini Nagar 14/06/2018 DBAD/PUB 250.00 371.828297 HOS EN-106752 1 250.00 English Books

© Delhi Public Library
Hit Counter
free hit counter